Southville International School and Colleges
Your cart is empty.
  • Cart
  • Lists
    Public lists Eva Luna New books Lux_list list_1
    Your lists Log in to create your own lists
  • Log in to your account
  • Your cookies
  • Search history
Southville International School and Colleges
  • Advanced search
  • Recent comments
  • Most popular
  • Libraries

Log in to your account

Log in with GOOGLE


If you do not have an external account, but do have a local account, you can still log in:

  1. Home
  2. MARC view: Picture Puzzles /
Normal view MARC view ISBD view

Picture Puzzles / (Record no. 10252)

[ view plain ]
MARC details
000 -LEADER
fixed length control field 00535nam a22001937a 4500
003 - CONTROL NUMBER IDENTIFIER
control field OSt
005 - DATE AND TIME OF LATEST TRANSACTION
control field 20140310182202.0
008 - FIXED-LENGTH DATA ELEMENTS--GENERAL INFORMATION
fixed length control field 130903t xxu||||| |||| 00| 0 eng d
050 ## - LIBRARY OF CONGRESS CALL NUMBER
Classification number GV 1507
Item number .R961 19--
082 ## - DEWEY DECIMAL CLASSIFICATION NUMBER
Classification number HS 793.73
Item number RUS 1993
100 ## - MAIN ENTRY--PERSONAL NAME
Personal name Russell, Ken
9 (RLIN) 14959
245 ## - TITLE STATEMENT
Title Picture Puzzles /
Statement of responsibility, etc Ken Russsel and Philip Carter.
260 ## - PUBLICATION, DISTRIBUTION, ETC. (IMPRINT)
Place of publication, distribution, etc London :
Name of publisher, distributor, etc Foulsham,
Date of publication, distribution, etc 1994.
300 ## - PHYSICAL DESCRIPTION
Extent 220 p. ;
Other physical details ill. ;
Dimensions 18 cm.
650 ## - SUBJECT ADDED ENTRY--TOPICAL TERM
Topical term or geographic name as entry element Picture Puzzles
9 (RLIN) 13494
700 ## - ADDED ENTRY--PERSONAL NAME
Personal name Carter, Philip
9 (RLIN) 16309
942 ## - ADDED ENTRY ELEMENTS (KOHA)
Source of classification or shelving scheme Library of Congress Classification
Holdings
Withdrawn status Lost status Source of classification or shelving scheme Damaged status Home library Current library Shelving location Date acquired Total Checkouts Full call number Barcode Date last seen Copy number Price effective from Koha item type
    Library of Congress Classification   Luxembourg Library Luxembourg Library High School Section 09/03/2013   GV 1507 .R961 [ca.1990] 4479 07/02/2015 1 10/03/2013 Books

Picture Puzzles /

APA

Russell K., Carter P., . (1994). Picture Puzzles. London: Foulsham.

Chicago

Russell Ken, Carter Philip, . 1994. Picture Puzzles. London: Foulsham.

Harvard

Russell K., Carter P., . (1994). Picture Puzzles. London: Foulsham.

MLA

Russell Ken, Carter Philip, . Picture Puzzles. London: Foulsham. 1994.

  • Place hold
  • Print
  • Cite
  • Add to your cart (remove)
  • Save record
    BIBTEX Dublin Core MARCXML MARC (non-Unicode/MARC-8) MARC (Unicode/UTF-8) MARC (Unicode/UTF-8, Standard) MODS (XML) RIS
  • More searches
    Search for this title in:
    Other Libraries (WorldCat) Other Databases (Google Scholar) Online Stores (Bookfinder.com) Open Library (openlibrary.org)

Exporting to Dublin Core...

SOUTHVILLE LIBRARY

Southville International School and Colleges Library

1281 Tropical Ave. Cor. Luxembourg St., BF Homes International, Las Pinas City

Tel. No. 8256374 / 252358 Loc. 117/146

Powered by Koha